000
00304 a2200145 4500
001
170751
020
_a
040
_c
Magnum
100
_a
Escriva, Ana Lopez
240
1
0
_a
Ratona y elefante
_l
ESP
245
1
0
_a
Ratona y elefante
362
0
_a
1899
697
_a
LITERATURA ESTRANGEIRA
942
_c
BK
999
_c
170751
_d
170751